Capital of Armenian Provinces - Statistics

General Stats
  • This quiz has been taken 38 times
  • The average score is 6 of 11
Answer Stats
Province Capital % Correct
Autonomous City Yerevan
80%
Armavir Armavir
67%
Shirak Gyumri
67%
Syunik Kapan
60%
Lori Vanadzor
60%
Ararat Artashat
53%
Gegharkunik Gavar
53%
Tavush Ijevan
53%
Kotayk Hrazdan
47%
Aragatsotn Ashtarak
40%
Vayots Dzor Yeghegnadzor
40%
No matching quizzes found
Score Distribution
Percent of People with Each Score
Percentile by Number Answered
Your Score History
You have not taken this quiz